Florida : (Record no. 62)

MARC details
000 -LEADER
fixed length control field 01259cam a2200337 a 4500
005 - DATE AND TIME OF LATEST TRANSACTION
control field 20260322212004.0
008 - FIXED-LENGTH DATA ELEMENTS--GENERAL INFORMATION
fixed length control field data
010 ## - LIBRARY OF CONGRESS CONTROL NUMBER
LC control number 2007011145
020 ## - INTERNATIONAL STANDARD BOOK NUMBER
International Standard Book Number 9781565795860
020 ## - INTERNATIONAL STANDARD BOOK NUMBER
International Standard Book Number 1565795865
040 ## - CATALOGING SOURCE
Original cataloging agency DLC
Transcribing agency DLC
Modifying agency DLC
043 ## - GEOGRAPHIC AREA CODE
Geographic area code n-us-fl
050 00 - LIBRARY OF CONGRESS CALL NUMBER
Classification number F311
Item number .H86 2007
082 00 - DEWEY DECIMAL CLASSIFICATION NUMBER
Classification number 975.9/0640222
Edition information 22
092 ## - LOCALLY ASSIGNED DEWEY CALL NUMBER (OCLC)
Classification number 975.9 H86 2007
001 - CONTROL NUMBER
control field data
100 1# - MAIN ENTRY--PERSONAL NAME
Personal name Hunt, Bruce,
Dates associated with a name 1957-
245 10 - TITLE STATEMENT
Title Florida :
Remainder of title Then and Now /
Statement of responsibility, etc. Bruce Hunt.
246 3# - VARYING FORM OF TITLE
Title proper/short title Florida then and now
260 ## - PUBLICATION, DISTRIBUTION, ETC.
Place of publication, distribution, etc. Englewood, CO :
Name of publisher, distributor, etc. Westcliffe Publishers,
Date of publication, distribution, etc. 2007.
300 ## - PHYSICAL DESCRIPTION
Extent 156 p. :
Other physical details ill. (some col.) ;
Dimensions 27 x 36 cm.
504 ## - BIBLIOGRAPHY, ETC. NOTE
Bibliography, etc. note Includes bibliographical references (p. 156) and index.
650 #0 - SUBJECT ADDED ENTRY--TOPICAL TERM
Topical term or geographic name entry element Repeat photography
Geographic subdivision Florida.
650 #0 - SUBJECT ADDED ENTRY--TOPICAL TERM
Topical term or geographic name entry element Photography
Geographic subdivision Florida
General subdivision History.
651 #0 - SUBJECT ADDED ENTRY--GEOGRAPHIC NAME
Geographic name Florida
Form subdivision Pictorial works.
651 #0 - SUBJECT ADDED ENTRY--GEOGRAPHIC NAME
Geographic name Florida
General subdivision History.
856 41 - ELECTRONIC LOCATION AND ACCESS
Materials specified Table of contents only
Uniform Resource Identifier <a href="http://www.loc.gov/catdir/toc/ecip0713/2007011145.html">http://www.loc.gov/catdir/toc/ecip0713/2007011145.html</a>
906 ## - LOCAL DATA ELEMENT F, LDF (RLIN)
a 7
b cbc
c orignew
d 1
e ecip
f 20
g y-gencatlg
925 0# -
-- acquire
-- 2 shelf copies
-- policy default
955 ## - COPY-LEVEL INFORMATION (RLIN)
-- jg12 2007-03-20
-- jg12 2007-03-20
-- lk13 2008-04-21
-- lk13 2008-04-21 to BCCD
Holdings
Withdrawn status Lost status Damaged status Not for loan Home library Current library Shelving location Date acquired Total checkouts Full call number Barcode Date last seen Price effective from Koha item type
        Pleasant Valley Pleasant Valley General stacks 22/03/2026   975.9/0640222 22 BC0010063 22/03/2026 22/03/2026 Books